[Event "GER-chT LG-1 email"]
[Site "GER email"]
[Date "2007.10.25"]
[Round "?"]
[White "Reichel, Norbert"]
[Black "Eckhardt, Thorsten"]
[Result "1/2-1/2"]
[WhiteElo "2334"]
[BlackElo "2346"]
[PlyCount "37"]
[EventDate "2007.??.??"]
[EventType "tourn (corr)"]
[EventRounds "8"]
[EventCountry "GER"]
[SourceTitle "Corr 2011"]
[Source "ChessBase"]
[SourceDate "2010.08.31"]
[SourceVersion "1"]
[SourceVersionDate "2010.08.31"]
[SourceQuality "1"]

1. c4 e5 2. Nc3 Nc6 3. Nf3 Nf6 4. g3 Bb4 5. Bg2 0-0 6. 0-0 e4 7. Ng5 Bxc3 8. bxc3 Re8 9. f3 e3 10. d3 d5 11. Qb3 Na5 12. Qa3 b6 13. cxd5 Nxd5 14. f4 Bb7 15. Bb2 c5 16. c4 Nb4 17. Nf3 Qe7 18. Rfe1 Rad8 19. Rac1 1/2-1/2

[Event "GER-chT LG-1 email"]
[Site "GER email"]
[Date "2007.10.25"]
[Round "?"]
[White "Schilling, Frank"]
[Black "Reichel, Norbert"]
[Result "1/2-1/2"]
[WhiteElo "2331"]
[BlackElo "2334"]
[PlyCount "65"]
[EventDate "2007.??.??"]
[EventType "tourn (corr)"]
[EventRounds "8"]
[EventCountry "GER"]
[SourceTitle "Corr 2011"]
[Source "ChessBase"]
[SourceDate "2010.08.31"]
[SourceVersion "1"]
[SourceVersionDate "2010.08.31"]
[SourceQuality "1"]

1. e4 c5 2. Nf3 Nc6 3. d4 cxd4 4. Nxd4 Nf6 5. Nc3 e5 6. Ndb5 d6 7. Bg5 a6 8. Na3 b5 9. Bxf6 gxf6 10. Nd5 f5 11. Bd3 Be6 12. c3 Bg7 13. Nxb5 axb5 14. Bxb5 Bd7 15. exf5 0-0 16. 0-0 Re8 17. Qg4 Kh8 18. a4 e4 19. Rad1 Rc8 20. Rfe1 Re5 21. Ne3 Qf6 22. b4 Bh6 23. Nd5 Qxf5 24. Qxf5 Bxf5 25. Nb6 Rc7 26. Nd5 Rc8 27. Nb6 Rc7 28. Rxd6 Re6 29. Rd5 Ne7 30. Rd8+ Kg7 31. Nc4 e3 32. fxe3 Bc2 33. g3 1/2-1/2